000 01051caa a2200193 4500
999 _c442985
_d442985
003 UA-OsUOA
005 20191127153022.0
008 191127b un ||||| |||| 00| 0 ukr d
040 _aUA-OsUOA
_bukr
_cUA-OsUOA
_dUA-OsUOA
041 _aukr
080 _a908
090 _a908
100 _aВихованець Т.
245 _a "Генеральное описание волынской губернии (нач. XIX века)" як джерело з історичної топографії Острога кін. XVIII – поч. XIX ст.
_cТ. Вихованець
300 _aС. 160–165
773 0 _0366895
_9390170
_dОстрог Свинарчук Р. В. 2011
_o136211
_tІсторія музейництва, пам'яткоохоронної справи, краєзнавства і туризму в м. Острозі і на Волині
_w(UA-OsUOA) 80586
942 _2udc
_cBKA